000 00879nam a22002897a 4500
001 BR0303126
003 BR-BrBNA
005 20230928101307.0
007 ta
008 230509b bl.||||| |||| 00| 0 por d
040 _aBR-BrBNA
_bpor
_cBiblioteca Nacional de Agricultura
041 _a(Por)
072 _aE50
090 _ E50 BR0303126
100 1 _aEscalda, P.M.F.
110 1 _aUniversidade Federal de Minas Gerais, Belo Horizonte (Brasil). Escola de Veterinária
_0Tese (Doutor em Ciência Animal)
245 1 _aAções de saúde da mulher: estratégias inclusivas?
260 3 _aBelo Horizonte, MG (Brasil):
_c2003.
300 _a103 p.
500 _aSummaries (Eng, Por); Several bibliography; 9 illus.
650 _aÚTERO
650 _aCÂNCER
650 _aSAÚDE PÚBLICA
650 _aMULHER
909 _a202309
_bLucia
_c55
_dLucia Elande
942 _cBK
999 _c65121
_d65121